La escritura script /

Guardado en:
Autor Principal: Dottrens, Robert
Formato: Libro
Publicado: Buenos Aires : Kapelusz, 1950
Series:Bibl. de Cultura Pedag¢gica,27
Materias:
Etiquetas: Agregar Etiqueta
Sin Etiquetas, Sea el primero en etiquetar este registro!
LEADER 00537nam a22001935a 4500
001 CEM.cems002125
005 20060215000000.0
008 130507s1950##################000#0#####d
003 CEMS
082 0 4 |a 372.51 
100 1 |a Dottrens, Robert 
245 1 0 |a La escritura script / 
260 |a Buenos Aires :  |b Kapelusz,  |c 1950 
300 |a 73 p. 
490 0 |a Bibl. de Cultura Pedag¢gica,27 
653 |a Educacion 
653 |a Educacion primaria 
653 |a Escritura-enseñanza 
859 |a CEMS  |b BIB. CEMS - 11 de abril  |h 372.51  |i D742  |p 8188.80  |t Ej.1